00246nam a2200109Ia 4500008004100000100001400041245002400055260002100079650001200100942000700112999001700119190216s9999||||xx |||||||||||||| ||und|| aRajan K R 0aChandrane Kandethal bBhasha Institute aPhysics cBK c39815d39815